All Colleges in Indiana (With Athletics) - Statistics

General Stats
  • This quiz has been taken 12 times
  • The average score is 14 of 24
Answer Stats
Hint Answer % Correct
D1 Indiana
100%
D1 Purdue
100%
D1 Ball State
91%
D1 Indiana State
91%
D1 Notre Dame
91%
D1 Southern Indiana
73%
D3 Anderson
64%
D1 Evansville
64%
D1 Purdue Fort Wayne
64%
D1 Butler
55%
D3 DePauw
55%
NAIA Marian
55%
D1 Valparaiso
55%
D3 Wabash
55%
D3 Hanover
45%
D3 Rose Hulman
45%
D3 Trine
45%
D2 University of Indianapolis
45%
NAIA Indiana Wesleyan
36%
D1 IU Indianapolis
36%
NAIA Taylor
36%
D3 Franklin
27%
D3 Manchester
27%
NAIA St Francis
27%
No matching quizzes found
Score Distribution
Percent of People with Each Score
Percentile by Number Answered
Your Score History
You have not taken this quiz